000 00502cam a2200181ua 4500
001 6088
008 131119n ii |||gr||||Z||||||eng
040 _cMAIN
082 _a657.046
245 _aAdvanced Accountancy :
_bVolume I /
_cBy S.N. Maheswari .
250 _a5th Revised & Enlarged ed.
260 _aNew Delhi:
_bVikas Publishing House PVT LTD,
_c1984.
300 _axiv,1032p.
653 _aAccounting
653 _aAdvanced Accountancy
700 _aMaheswari,S.N.,
_eAuthor.
942 _cBK
999 _c5241
_d5241